00701nam a2200169 4500001000700000003000900007005001700016007000300033008004100036100003200077245019100109260003900300300003300339852002000372999001900392952012000411137680ES-MaACL20230906195424.0t|070214s1910 fr r ||||1| fre d1 aSaleilles, Raymond.910186810aDe la personnalité juridique b: histoire et théories : vingt-cinq leçons d'introduction a un cours de Droit Civil comparé sur les personnes juridiques / cpar Raymond Saleilles. aParis : bArthur Rousseau, c1910. aVIII, 672 p. ; c22 x 14 cm. aES-MaACLjD-200 c137680d137680 00104070aATENEOMbATENEOMcSVId2008-01-17eSCl0oD-200p901143275r2023-02-23 00:00:00w2023-02-23yMONOGRAFIA